Κατάλογος Βιβλιοθηκών Mediterranean College

Δραστηριότητες για το Παιδί / Μια Εγκυκλοπαίδεια με Θεματική Κατάταξη: Περισσότερες από 600 Ευχάριστες Δραστηριότητες φτιαγμένες από Δασκάλους για Δασκάλους (Record no. 5795)

MARC details
000 -LEADER
fixed length control field 01644cam a22001934a 4500
005 - ΗΜΕΡΟΜΗΝΙΑ ΚΑΙ ΩΡΑ ΤΕΛΕΥΤΑΙΑΣ ΕΝΗΜΕΡΩΣΗΣ
Πεδίο ελέγχου 20250605163515.0
008 - FIXED-LENGTH DATA ELEMENTS--GENERAL INFORMATION
Πεδίο ελέγχου σταθερού μήκους 250528s ||||||||||||||||||||||||d
035 ## - SYSTEM CONTROL NUMBER
System control number 20710
020 ## - ISBN
ISBN 9603609080
040 ## - ΠΗΓΗ ΚΑΤΑΛΟΓΟΓΡΑΦΗΣΗΣ
Φορέας πρωτότυπης καταλογογράφησης MC Athens Campus Library
Γλώσσα καταλογογράφησης Ελληνικά, Μοντέρνα (1453-)
Modifying agency MC Athens Campus Library
Κανόνες περιγραφικής καταλογογράφησης AACR2
245 1# - ΤΙΤΛΟΣ ΚΑΙ ΔΗΛΩΣΗ ΥΠΕΥΘΥΝΟΤΗΤΑΣ
Τίτλος Δραστηριότητες για το Παιδί / Μια Εγκυκλοπαίδεια με Θεματική Κατάταξη: Περισσότερες από 600 Ευχάριστες Δραστηριότητες φτιαγμένες από Δασκάλους για Δασκάλους
250 ## - EDITION STATEMENT
Edition statement
260 ## - PUBLICATION, DISTRIBUTION, ETC.
Name of publisher, distributor, etc. Πατάκη,
Date of publication, distribution, etc. 1996
300 ## - PHYSICAL DESCRIPTION
Extent 520
520 ## - SUMMARY, ETC.
Summary, etc. Καιρός, Καλοκαίρι, Κατοικίδια Ζώα, Κηπουρική, Κίνηση, Κοινότητα, Μαγειρική, Μεταφορές, Μουσική, Ξεκινώντας το Σχολείο, Οικογένεια, Ομαδικές Δουλειές, Παιδικά Τραγούδια, Παιχνίδια, Περιβάλλον, Πουλιά, Ρουχισμός, Σχήματα, Σώμα, Τέχνη, Τροφή, Τσίρκο, Υγεία και Ασφάλεια, Φθινόπωρο, Φύση, Φυσικές Επιστήμες, Αγροκτήματα, Αισθήσεις, Αλφάβητος, Άνεμος κι Αέρας, Άνοιξη, Αριθμοί, Αυτοεκτίμηση, Γιορτές, Γλώσσα, Δεινόσαυροι, Διάστημα, Έντομα, Εποχές, Ζώα, Ζωολογικός Κήπος,Ήχος, Ινδιάνοι, Φυτά, Χειμώνας, Χειροτεχνία, Χρήματα, Χρώματα.
942 ## - ADDED ENTRY ELEMENTS (KOHA)
Koha item type Books
Holdings
Τύπος τεκμηρίου Βιβλιοθήκη Τρέχουσα τοποθεσία Barcode Αριθμός εισαγωγής Ημερομηνία απόκτησης Ταξιθετικό σύμβολο Αριθμός αντιτύπου Κατάσταση απόσυρσης Κατάσταση χαμένου Κατάσταση κατεστραμμένου Μη δανεισμός Σύνολο δανεισμών Ημερομηνία τελευταίας εμφάνισης Η τιμή ισχύει από
Books MC Athens Campus Library MC Athens Campus Library 9780000057945 7343 05/06/2025 372.21 KOU 1           05/06/2025 05/06/2025

MC Athens Campus Library
Πατησίων 94 & Κοδριγκτώνος 13, 104 34
Πελλήνης 8 & Πατησίων 107, 112 51
Τ: +30 210 8899600

MC Thessaloniki Campus Library
Ίωνος Δραγούμη 21, 54625 | Ίωνος Δραγούμη 15, 54625
Τ: +30 2310 287779 – Τ: +30 2314 440300